Countries that Start with B - Shape Quiz - Statistics

General Stats
  • This quiz has been taken 49 times
  • The average score is 12 of 16
Answer Stats
Picture Answer % Correct
Bangladesh
92%
Brazil
92%
Bahamas
89%
Benin
87%
Bolivia
82%
Barbados
79%
Belgium
76%
Bosnia and Herzegovina
76%
Botswana
76%
Belarus
74%
Bulgaria
74%
Bahrain
71%
Belize
71%
Burkina Faso
68%
Brunei
61%
Burundi
58%
No matching quizzes found
Score Distribution
Percent of People with Each Score
Percentile by Number Answered
Your Score History
You have not taken this quiz